Digitálna agenda pre Európu - iniciatíva stratégie Európa 2020 (prípadová štúdia porovnanie Estónska a Slovenska) diplomová práca

Guardado en:
Detalles Bibliográficos
Autor principal: Farkašová, Katarína
Autor Corporativo: Fakulta medzinárodných vzťahov EU. Katedra medzinárodných ekonomických vzťahov a hospodárskej diplomacie
Otros Autores: Harakaľová, Ľubica, 1963-
Formato: Libro
Lenguaje:eslovaco
Publicado: Bratislava 2017
Etiquetas: Agregar Etiqueta
Sin Etiquetas, Sea el primero en etiquetar este registro!

MARC

LEADER 00000nbm a2200000 4500
001 0232002
005 20180220154350.6
041 0 |a slo 
044 |a SK 
245 1 0 |a Digitálna agenda pre Európu - iniciatíva stratégie Európa 2020 (prípadová štúdia porovnanie Estónska a Slovenska)  |b diplomová práca  |c Katarína Farkašová ; školiteľ: Ľubica Harakaľová 
264 1 |a Bratislava  |c 2017 
300 |a 83 s. 
100 1 |a Farkašová, Katarína 
700 1 |a Harakaľová, Ľubica, 1963- 
710 2 |a Fakulta medzinárodných vzťahov EU. Katedra medzinárodných ekonomických vzťahov a hospodárskej diplomacie